Normal view
MARC view
- Fifty-Minute series.
Entry Uniform Title
001 - CONTROL NUMBER
- control field: 11528
003 - CONTROL NUMBER IDENTIFIER
- control field: NUST
005 - DATE AND TIME OF LATEST TRANSACTION
- control field: 20180710042707.0
008 - FIXED-LENGTH DATA ELEMENTS
- fixed length control field: 180710|| aca||aabn | a|a d
040 ## - CATALOGING SOURCE
- Original cataloging agency: NUST
- Transcribing agency: NUST
130 ## - HEADING--UNIFORM TITLE
- Uniform title: Fifty-Minute series.
670 ## - SOURCE DATA FOUND
- Source citation: Work cat.: (NUST)0: Brock, Susan L. 11527, Better business writing :, 2003.
